Normal view
MARC view
- García Lira, Beatriz
Entry Nombre Personal
001 - NUMERO DE CONTROL
- campo de control: 39328
003 - IDENTIFICADOR DE NUMERO DE CONTROL
- campo de control: UPN
005 - FECHA Y HORA DE LA ÜLTIMA TRANSACCIÓN
- campo de control: 20210219194544.0
008 - DATOS DE LONGITUD FIJA
- campo de control de longitud fija: nabaccnnaabn|||||||||| b |nc|||||d
035 ## - NUMERO DE CONTROL
- Número de control: UPN11000011435
040 ## - FUENTE DE CATALOGACIÓN
- Lenguaje de catalogación: SPA
- Agencia de transcripción: UPN
100 1# - ENCABEZAMIENTO - NOMBRE PERSONAL
- Nombre personal: García Lira, Beatriz
670 ## - FUENTE EN LA QUE SE LOCALIZARON DATOS
- Cita de la fuente: T
- Uniform Resource Identifier: http://biblos.usac.edu.gt/library/index.php?title=Special:GSMSearchPage&process&autor=ARCE%20RUIZ,%20SILVIA%20
902 ## - CATALOGADOR
- Catalogador: MMA/261016
